<?xml version="1.0" encoding="UTF-8"?>
<record
    xmlns:xsi="http://www.w3.org/2001/XMLSchema-instance"
    xsi:schemaLocation="http://www.loc.gov/MARC21/slim http://www.loc.gov/standards/marcxml/schema/MARC21slim.xsd"
    xmlns="http://www.loc.gov/MARC21/slim">

  <leader>00669nam a22001937a 4500</leader>
  <datafield tag="952" ind1=" " ind2=" ">
    <subfield code="a">0001</subfield>
    <subfield code="b">0001</subfield>
    <subfield code="d">2021-12-01</subfield>
    <subfield code="l">0</subfield>
    <subfield code="o">956.21 Y21 2021</subfield>
    <subfield code="p">020139</subfield>
    <subfield code="r">2021-12-01 00:00:00</subfield>
    <subfield code="w">2021-12-01</subfield>
    <subfield code="y">BKS</subfield>
  </datafield>
  <datafield tag="999" ind1=" " ind2=" ">
    <subfield code="c">14647</subfield>
    <subfield code="d">14647</subfield>
  </datafield>
  <controlfield tag="003">MIRAKIL</controlfield>
  <controlfield tag="005">20211201170419.0</controlfield>
  <controlfield tag="008">211201b        tu ||||| |||| 00| 0 tur d</controlfield>
  <datafield tag="020" ind1=" " ind2=" ">
    <subfield code="a">9786257288316</subfield>
  </datafield>
  <datafield tag="040" ind1=" " ind2=" ">
    <subfield code="a">TR-AnCHP</subfield>
    <subfield code="c">TR-AnCHP</subfield>
  </datafield>
  <datafield tag="041" ind1=" " ind2=" ">
    <subfield code="a">Tur</subfield>
  </datafield>
  <datafield tag="082" ind1=" " ind2=" ">
    <subfield code="a">956.21</subfield>
    <subfield code="b">Y21 2021</subfield>
  </datafield>
  <datafield tag="245" ind1="1" ind2="0">
    <subfield code="a">Yabanc&#x131; seyyahlar&#x131;n g&#xF6;z&#xFC;nden &#x130;stanbul;</subfield>
    <subfield code="b">19.-20. Y&#xFC;zy&#x131;l/</subfield>
    <subfield code="c">proje direkt&#xF6;r&#xFC; Cengiz &#xD6;zkarabekir ; yay&#x131;n y&#xF6;netmeni Ahmet Bozkurt</subfield>
  </datafield>
  <datafield tag="260" ind1=" " ind2=" ">
    <subfield code="a">&#x130;stanbul:</subfield>
    <subfield code="b">&#x130;stanbul B&#xFC;y&#xFC;k &#x15E;ehir Belediyesi,</subfield>
    <subfield code="c">2021.</subfield>
  </datafield>
  <datafield tag="300" ind1=" " ind2=" ">
    <subfield code="a">504 s.:</subfield>
    <subfield code="b">res.;</subfield>
    <subfield code="c">27 sm.</subfield>
  </datafield>
  <datafield tag="504" ind1=" " ind2=" ">
    <subfield code="a">Kaynak&#xE7;a ve dizin vard&#x131;r.</subfield>
  </datafield>
  <datafield tag="651" ind1=" " ind2="0">
    <subfield code="9">5576</subfield>
    <subfield code="a">&#x130;stanbul  (T&#xFC;rkiye)</subfield>
    <subfield code="x">Tarih</subfield>
    <subfield code="y">19-20 yy.</subfield>
  </datafield>
  <datafield tag="942" ind1=" " ind2=" ">
    <subfield code="2">ddc</subfield>
    <subfield code="c">BKS</subfield>
  </datafield>
</record>
